| 000 | 00585nam a22001697a 4500 | ||
|---|---|---|---|
| 008 | 130821s1902 fr gr fre | ||
| 040 |
_aCo-BoUCM _bspa |
||
| 041 | 0 | 0 | _afre |
| 100 |
_aJanssen, Jean _962817 |
||
| 245 | 0 | 3 |
_aL'Allemagne a la Fin du moyen age _cPar Jean Janssen ; traduit par E. Paris ; préface de M. G. A. Heinrich |
| 250 | _a2a. ed. | ||
| 260 |
_aParís (Francia) _bLibrairie Plon-Nourrit _c1902 |
||
| 300 | _a602 páginas | ||
| 500 | _aNotas al pie del texto | ||
| 942 |
_cLIBRO _a27 _e2 _mJ15 _n0 _2DEWEY _h943 |
||
| 999 |
_c85987 _d85987 |
||